000 00353nam a2200133Ia 4500
008 100328s9999 xx 000 0 und d
082 _b53509
100 _aजोशी मृणालिनी
245 _aमुक्ताई
260 _bकेसरी
630 _aमुक्ताई
730 _aमुक्ताई
942 _cBOOK
999 _c540255
_d540252